[Event "Gibtelecom AmatWk1 8th"]
[Site "Gibraltar"]
[Date "2010.01.30"]
[Round "5.9"]
[White "Hirneise, Lothar"]
[Black "Tomassetti, Giuseppe"]
[Result "0-1"]
[WhiteElo "1707"]
[BlackElo "1704"]
[PlyCount "38"]
[EventDate "2010.01.26"]
[EventType "swiss"]
[EventRounds "5"]
[EventCountry "GGB"]
[SourceTitle "BritBase"]
[Source "www.saund.co.uk"]
[SourceDate "2018.02.10"]
[SourceVersion "1"]
[SourceVersionDate "2018.02.10"]
[SourceQuality "1"]

1. d4 Nf6 2. c4 c5 3. d5 b5 4. Bg5 Ne4 5. Bf4 d6 6. Qc2 Bf5 7. Qb3 Qa5+ 8. Bd2
Nxd2 9. Nxd2 Nd7 10. e4 Bxe4 11. Qxb5 Qxb5 12. cxb5 Bxd5 13. Ngf3 g6 14. a4 Bg7
15. Rb1 O-O 16. b3 Bc3 17. Rc1 Bb4 18. Bc4 Bxc4 19. bxc4 Nb6 0-1

[Event "Gibtelecom AmatWk1 8th"]
[Site "Gibraltar"]
[Date "2010.01.30"]
[Round "5.10"]
[White "Homer, Neil S"]
[Black "Whatley, Stephen A J"]
[Result "1/2-1/2"]
[WhiteElo "1704"]
[BlackElo "1408"]
[PlyCount "86"]
[EventDate "2010.01.26"]
[EventType "swiss"]
[EventRounds "5"]
[EventCountry "GGB"]
[SourceTitle "BritBase"]
[Source "www.saund.co.uk"]
[SourceDate "2018.02.10"]
[SourceVersion "1"]
[SourceVersionDate "2018.02.10"]
[SourceQuality "1"]

1. Nf3 Nf6 2. c4 c5 3. Nc3 Nc6 4. g3 g6 5. d4 cxd4 6. Nxd4 Bg7 7. Nxc6 bxc6 8.
Bg2 O-O 9. e4 e5 10. O-O Ba6 11. b3 Qa5 12. Bd2 Qc7 13. Re1 Rad8 14. Qc1 Bb7
15. Bh6 Rfe8 16. Bxg7 Kxg7 17. Rd1 Qb6 18. Rd2 a5 19. Qb2 Kg8 20. Rad1 Kg7 21.
Bh3 Qc7 22. Rd6 h5 23. Qd2 Bc8 24. c5 Qa7 25. Qe3 Qc7 26. f3 Qa7 27. Na4 Re7
28. Qg5 Ng8 29. Nb6 f6 30. Qe3 Qc7 31. R1d3 Kh7 32. Nxc8 Qxc8 33. Qd2 Qa6 34.
Rxd7 Rexd7 35. Rxd7+ Rxd7 36. Qxd7+ Kh8 37. Bf1 Qa8 38. Bc4 Qf8 39. Qxc6 Qd8
40. Bxg8 Qd1+ 41. Kg2 Qe2+ 42. Kg1 Qd1+ 43. Kg2 Qe2+ 1/2-1/2

[Event "Gibtelecom AmatWk1 8th"]
[Site "Gibraltar"]
[Date "2010.01.30"]
[Round "5.11"]
[White "Candano Gonzalez, Alvaro"]
[Black "Walshaw, David"]
[Result "1-0"]
[WhiteElo "1540"]
[BlackElo "1640"]
[PlyCount "114"]
[EventDate "2010.01.26"]
[EventType "swiss"]
[EventRounds "5"]
[EventCountry "GGB"]
[SourceTitle "BritBase"]
[Source "www.saund.co.uk"]
[SourceDate "2018.02.10"]
[SourceVersion "1"]
[SourceVersionDate "2018.02.10"]
[SourceQuality "1"]

1. c4 Nf6 2. g3 g6 3. Bg2 d5 4. Nf3 Bg7 5. O-O O-O 6. cxd5 Nxd5 7. Nc3 c5 8. d4
cxd4 9. Nxd4 Nxc3 10. bxc3 Qc7 11. Qb3 Nd7 12. Ba3 Nb6 13. Nb5 Qe5 14. Nd4 Rb8
15. Rac1 Re8 16. f4 Qc7 17. Nb5 Qc4 18. Nxa7 Qxb3 19. axb3 Be6 20. Bc5 Nd7 21.
Bf2 Bxb3 22. c4 Red8 23. e4 Nf8 24. e5 f6 25. Rc3 Ba4 26. Ra3 Be8 27. Bb6 Rd7
28. Bh3 e6 29. Bc5 fxe5 30. fxe5 Bf7 31. Bd6 Ra8 32. Bg2 Be8 33. Rb1 Rf7 34.
Bxb7 Rd8 35. c5 Rf5 36. Nc6 Rd7 37. Ra8 Rxb7 38. Ne7+ Rxe7 39. Bxe7 Bc6 40. Rc8
Be4 41. Rf1 Rxf1+ 42. Kxf1 Bd3+ 43. Kf2 Bb5 44. c6 Bxc6 45. Rxc6 Bxe5 46. Bxf8
Kxf8 47. Rxe6 Bd4+ 48. Kf3 Kf7 49. Rc6 Kg7 50. h4 Kf7 51. Rc7+ Kg8 52. Rb7 Bg7
53. g4 h6 54. h5 g5 55. Ke4 Kh7 56. Kf5 Kg8 57. Kg6 Bf8 1-0

[Event "Gibtelecom AmatWk1 8th"]
[Site "Gibraltar"]
[Date "2010.01.30"]
[Round "5.12"]
[White "Agdestein, Fredrik"]
[Black "Carlsen, Ingrid Oen"]
[Result "0-1"]
[WhiteElo "1306"]
[BlackElo "1508"]
[PlyCount "95"]
[EventDate "2010.01.26"]
[EventType "swiss"]
[EventRounds "5"]
[EventCountry "GGB"]
[SourceTitle "BritBase"]
[Source "www.saund.co.uk"]
[SourceDate "2018.02.10"]
[SourceVersion "1"]
[SourceVersionDate "2018.02.10"]
[SourceQuality "1"]

1. e4 c5 2. Nf3 Nc6 3. d4 cxd4 4. Nxd4 Nf6 5. Nc3 e5 6. Nb3 Bb4 7. f3 d5 8.
exd5 Nxd5 9. Bd2 Nxc3 10. Bxc3 Bxc3+ 11. bxc3 Qh4+ 12. g3 Qf6 13. Bd3 O-O 14.
O-O Qe7 15. Re1 Be6 16. Qe2 f5 17. Bc4 f4 18. Bxe6+ Qxe6 19. Nd4 Nxd4 20. cxd4
fxg3 21. hxg3 Qd5 22. Qxe5 Qxe5 23. Rxe5 Rxf3 24. Kg2 Raf8 25. Rd1 Rf2+ 26. Kh3
Rxc2 27. d5 Rc7 28. d6 Rd7 29. Re7 Rfd8 30. Kg4 Rxd6 31. Rxd6 Rxd6 32. Rxb7 Ra6
33. Kf5 Rxa2 34. Kg4 h6 35. Kh3 a5 36. Ra7 a4 37. Ra8+ Kh7 38. Ra7 a3 39. Ra4
Ra1 40. Kg2 a2 41. Kh2 Kg6 42. Ra5 h5 43. Kg2 Kf6 44. Ra6+ Kf5 45. Ra4 g5 46.
Ra3 h4 47. gxh4 gxh4 48. Ra4 0-1

[Event "Gibtelecom AmatWk1 8th"]
[Site "Gibraltar"]
[Date "2010.01.30"]
[Round "5.13"]
[White "Haddock, Paul"]
[Black "Cox, Reginald"]
[Result "1-0"]
[WhiteElo "1793"]
[BlackElo "1352"]
[PlyCount "79"]
[EventDate "2010.01.26"]
[EventType "swiss"]
[EventRounds "5"]
[EventCountry "GGB"]
[SourceTitle "BritBase"]
[Source "www.saund.co.uk"]
[SourceDate "2018.02.10"]
[SourceVersion "1"]
[SourceVersionDate "2018.02.10"]
[SourceQuality "1"]

1. e4 c5 2. Nc3 d6 3. f4 Nf6 4. Nf3 g6 5. Be2 Bg7 6. d3 Nc6 7. O-O e6 8. h3 a6
9. Be3 b5 10. e5 Nh5 11. g4 Ng3 12. Rf2 b4 13. Ne4 Nxe4 14. dxe4 dxe5 15. Qxd8+
Nxd8 16. Bxc5 exf4 17. e5 Nc6 18. Bd6 a5 19. Bb5 Bd7 20. Bxc6 Bxc6 21. Nd4 Bd5
22. Nb5 Kd7 23. Rxf4 Kc6 24. Nd4+ Kb6 25. Rxf7 Bh6 26. Kf2 Rac8 27. h4 Rc4 28.
Rd1 Bf4 29. Rxf4 h6 30. Rf6 g5 31. h5 a4 32. b3 axb3 33. axb3 Rc3 34. Bxb4 Rh3
35. c4 Rh2+ 36. Ke3 Rh3+ 37. Ke2 Rh2+ 38. Rf2 Rxf2+ 39. Kxf2 Ra8 40. cxd5 1-0

[Event "Gibtelecom AmatWk1 8th"]
[Site "Gibraltar"]
[Date "2010.01.30"]
[Round "5.14"]
[White "Garcia, Mario"]
[Black "Bath, Tom"]
[Result "1-0"]
[WhiteElo "1663"]
[BlackElo "1424"]
[PlyCount "55"]
[EventDate "2010.01.26"]
[EventType "swiss"]
[EventRounds "5"]
[EventCountry "GGB"]
[SourceTitle "BritBase"]
[Source "www.saund.co.uk"]
[SourceDate "2018.02.10"]
[SourceVersion "1"]
[SourceVersionDate "2018.02.10"]
[SourceQuality "1"]

1. e4 c5 2. Nf3 d6 3. d4 cxd4 4. Nxd4 Nf6 5. Nc3 a6 6. Be2 e5 7. Nb3 Be6 8. Be3
Be7 9. O-O O-O 10. Nd2 Nc6 11. Nc4 Bxc4 12. Bxc4 b5 13. Bd5 Rc8 14. a3 Nxd5 15.
Nxd5 h6 16. Qd2 f5 17. exf5 Rxf5 18. Qd3 Rf7 19. Rad1 Bg5 20. f4 exf4 21. Bxf4
Bxf4 22. Nxf4 Ne5 23. Qd5 Rc5 24. Qxc5 Qg5 25. Qxd6 Ng4 26. Qd8+ Qxd8 27. Rxd8+
Kh7 28. Nd5 1-0

[Event "Gibtelecom AmatWk1 8th"]
[Site "Gibraltar"]
[Date "2010.01.30"]
[Round "5.15"]
[White "Fetzner, Frank"]
[Black "Albrecht, Franz"]
[Result "1/2-1/2"]
[WhiteElo "1592"]
[BlackElo "1546"]
[PlyCount "52"]
[EventDate "2010.01.26"]
[EventType "swiss"]
[EventRounds "5"]
[EventCountry "GGB"]
[SourceTitle "BritBase"]
[Source "www.saund.co.uk"]
[SourceDate "2018.02.10"]
[SourceVersion "1"]
[SourceVersionDate "2018.02.10"]
[SourceQuality "1"]

1. Nf3 d5 2. c4 e6 3. b3 Nf6 4. Bb2 Be7 5. g3 O-O 6. Bg2 c6 7. Qc2 h6 8. O-O
Nbd7 9. d4 Rb8 10. c5 b6 11. b4 bxc5 12. bxc5 Qc7 13. Nbd2 Ba6 14. Rfe1 Ne4 15.
Nxe4 dxe4 16. Nd2 f5 17. e3 Nf6 18. Bf1 Bxf1 19. Kxf1 Ng4 20. Kg2 h5 21. f3
exf3+ 22. Nxf3 h4 23. Rab1 hxg3 24. hxg3 Nf6 25. Ne5 Ne4 26. Qe2 Rf6 1/2-1/2

[Event "Gibtelecom AmatWk1 8th"]
[Site "Gibraltar"]
[Date "2010.01.30"]
[Round "5.16"]
[White "Berggren, Klas"]
[Black "Agdestein, Victoria"]
[Result "1-0"]
[WhiteElo "1364"]
[BlackElo "1000"]
[PlyCount "73"]
[EventDate "2010.01.26"]
[EventType "swiss"]
[EventRounds "5"]
[EventCountry "GGB"]
[SourceTitle "BritBase"]
[Source "www.saund.co.uk"]
[SourceDate "2018.02.10"]
[SourceVersion "1"]
[SourceVersionDate "2018.02.10"]
[SourceQuality "1"]

1. d4 Nf6 2. Bf4 g6 3. e3 Bg7 4. Be2 O-O 5. h3 d5 6. Nf3 Nc6 7. c3 Bf5 8. Nbd2
a6 9. O-O Re8 10. Bh2 Qd7 11. Re1 Ne4 12. Nh4 e5 13. Nxf5 Qxf5 14. Nxe4 dxe4
15. Qc2 exd4 16. exd4 Rac8 17. Bg4 Qd5 18. Bxc8 Rxc8 19. Qxe4 Qd8 20. Re2 Bf8
21. Rae1 Qg5 22. Qg4 Qxg4 23. hxg4 Rd8 24. Bxc7 Rd7 25. Bf4 Kg7 26. Re8 Be7 27.
Re4 g5 28. Be3 b5 29. b3 a5 30. c4 bxc4 31. bxc4 a4 32. d5 Nb4 33. R8xe7 Rxe7
34. Rxe7 Nxa2 35. Ra7 Nc3 36. Bd4+ Kg6 37. Bxc3 1-0

[Event "Gibtelecom AmatWk1 8th"]
[Site "Gibraltar"]
[Date "2010.01.30"]
[Round "5.17"]
[White "Grodas, Ole Jakob"]
[Black "Cox, Marian"]
[Result "0-1"]
[WhiteElo "1000"]
[BlackElo "1384"]
[PlyCount "114"]
[EventDate "2010.01.26"]
[EventType "swiss"]
[EventRounds "5"]
[EventCountry "GGB"]
[SourceTitle "BritBase"]
[Source "www.saund.co.uk"]
[SourceDate "2018.02.10"]
[SourceVersion "1"]
[SourceVersionDate "2018.02.10"]
[SourceQuality "1"]

1. e4 e5 2. Nf3 Nc6 3. Nc3 Nf6 4. d3 Bb4 5. Bd2 O-O 6. Qe2 d6 7. O-O-O Bg4 8.
Nd5 Nxd5 9. exd5 Nd4 10. Qe3 Bxd2+ 11. Rxd2 Bxf3 12. gxf3 c5 13. f4 Re8 14. Bg2
exf4 15. Qh3 Qf6 16. Be4 h6 17. Re1 Re5 18. c3 Nb5 19. Qd7 a6 20. Qxb7 Qd8 21.
Qc6 f5 22. f3 fxe4 23. dxe4 Re7 24. c4 Nd4 25. Qa4 Nxf3 26. Rde2 Nxe1 27. Rxe1
Qe8 28. Qc2 g5 29. Qg2 h5 30. Qxg5+ Rg7 31. Qxf4 Qf8 32. Qh6 Rb8 33. Qe6+ Kh8
34. Qh6+ Rh7 35. Qd2 Qg7 36. b3 Rg8 37. Kd1 Qa1+ 38. Qc1 Qxc1+ 39. Kxc1 Rhg7
40. Kd2 Rg2+ 41. Re2 Rxe2+ 42. Kxe2 Rg2+ 43. Kf3 Rxa2 44. Kf4 Rxh2 45. Kg5 Kg7
46. Kf5 Kf7 47. e5 dxe5 48. Kxe5 Ke7 49. d6+ Kd7 50. Kd5 Rb2 51. Kxc5 Rxb3 52.
Kd5 h4 53. c5 Rb5 54. Kd4 h3 55. Kc4 h2 56. c6+ Kxc6 57. d7 Kxd7 0-1

[Event "Gibtelecom AmatWk1 8th"]
[Site "Gibraltar"]
[Date "2010.01.30"]
[Round "5.18"]
[White "Grodas, Margrethe Bjerkem"]
[Black "Apps, Matthew"]
[Result "0-1"]
[WhiteElo "1000"]
[BlackElo "1000"]
[PlyCount "38"]
[EventDate "2010.01.26"]
[EventType "swiss"]
[EventRounds "5"]
[EventCountry "GGB"]
[SourceTitle "BritBase"]
[Source "www.saund.co.uk"]
[SourceDate "2018.02.10"]
[SourceVersion "1"]
[SourceVersionDate "2018.02.10"]
[SourceQuality "1"]

1. e4 e5 2. Nf3 Nf6 3. Bc4 d5 4. exd5 Nxd5 5. Nxe5 c6 6. Nc3 Qg5 7. Nxf7 Kxf7
8. Qf3+ Qf5 9. Qg3 b5 10. Nxd5 cxd5 11. Bxb5 Bd7 12. Bd3 Qg4 13. O-O Qxg3 14.
hxg3 h5 15. Re1 Kg8 16. Be2 Nc6 17. Bxh5 Rxh5 18. c3 Re8 19. Kf1 Rh1# 0-1

[Event "Gibtelecom AmatWk1 8th"]
[Site "Gibraltar"]
[Date "2010.01.30"]
[Round "5.20"]
[White "Cramling Bellon, Anna Yolanda"]
[Black "Apps, Ray"]
[Result "1-0"]
[WhiteElo "1000"]
[BlackElo "1000"]
[PlyCount "49"]
[EventDate "2010.01.26"]
[EventType "swiss"]
[EventRounds "5"]
[EventCountry "GGB"]
[SourceTitle "BritBase"]
[Source "www.saund.co.uk"]
[SourceDate "2018.02.10"]
[SourceVersion "1"]
[SourceVersionDate "2018.02.10"]
[SourceQuality "1"]

1. e4 e5 2. Nf3 d6 3. Bc4 Nf6 4. Nc3 c5 5. Ng5 Bg4 6. f3 Bh5 7. g4 Bg6 8. h4 d5
9. exd5 h6 10. Nh3 Bd6 11. d3 O-O 12. h5 Bh7 13. g5 Nxh5 14. gxh6 gxh6 15. Bxh6
Re8 16. Rg1+ Kh8 17. Qe2 Rg8 18. Rg2 Qh4+ 19. Kd1 Rg3 20. Ne4 Rxg2 21. Qxg2
Bxe4 22. fxe4 Qg3 23. Qf1 b6 24. Ng5 Kg8 25. Qxf7+ 1-0

[Event "Gibtelecom AmatWk2 8th"]
[Site "Gibraltar"]
[Date "2010.01.31"]
[Round "1.1"]
[White "Albrecht, Franz"]
[Black "Haddock, Paul"]
[Result "1-0"]
[WhiteElo "1546"]
[BlackElo "1793"]
[PlyCount "65"]
[EventDate "2010.01.31"]
[EventType "swiss"]
[EventRounds "5"]
[EventCountry "GGB"]
[SourceTitle "BritBase"]
[Source "www.saund.co.uk"]
[SourceDate "2018.02.10"]
[SourceVersion "1"]
[SourceVersionDate "2018.02.10"]
[SourceQuality "1"]

1. d4 f5 2. c4 e6 3. Nc3 Nf6 4. Nf3 d5 5. e3 c6 6. cxd5 exd5 7. Be2 Bd6 8. Ne5
Nbd7 9. f4 O-O 10. O-O Ne4 11. Nxe4 fxe4 12. Bd2 Be7 13. Be1 Nxe5 14. dxe5 Bc5
15. Bf2 Qe7 16. Rc1 Bb6 17. Qc2 Bd7 18. Rfd1 g5 19. g3 gxf4 20. gxf4 Bh3 21.
Kh1 Kh8 22. Rg1 Rg8 23. Qd2 Raf8 24. Rg3 Rxg3 25. Bxg3 Rd8 26. Qe1 Bxe3 27. Bh4
Qg7 28. Bg5 Qg6 29. Rc3 Bxf4 30. Bf6+ Kg8 31. Rxh3 Rf8 32. Bh5 Qxf6 33. exf6
1-0

[Event "Gibtelecom AmatWk2 8th"]
[Site "Gibraltar"]
[Date "2010.01.31"]
[Round "1.2"]
[White "Edwards, Stephen A"]
[Black "Reci, Nadja"]
[Result "1-0"]
[WhiteElo "1784"]
[BlackElo "1544"]
[PlyCount "61"]
[EventDate "2010.01.31"]
[EventType "swiss"]
[EventRounds "5"]
[EventCountry "GGB"]
[SourceTitle "BritBase"]
[Source "www.saund.co.uk"]
[SourceDate "2018.02.10"]
[SourceVersion "1"]
[SourceVersionDate "2018.02.10"]
[SourceQuality "1"]

1. e4 e5 2. Nf3 d6 3. d4 Nd7 4. Bc4 Be7 5. Nc3 Ngf6 6. h3 O-O 7. Be3 Nb6 8. Bd3
exd4 9. Nxd4 c5 10. Nf3 d5 11. exd5 Nbxd5 12. Bd2 b6 13. O-O Re8 14. a3 Bb7 15.
Bb5 Rf8 16. Qe2 a6 17. Bd3 b5 18. Nxd5 Nxd5 19. Rad1 c4 20. Be4 Re8 21. Ba5
Qxa5 22. Bxd5 Bb4 23. Bxf7+ Kxf7 24. Ng5+ Kg6 25. Qg4 Bc8 26. Ne6+ Kf6 27. Qf3+
Kxe6 28. Qxa8 Bd7 29. Qd5+ Kf6 30. axb4 Qxb4 31. Qxd7 1-0

[Event "Gibtelecom AmatWk2 8th"]
[Site "Gibraltar"]
[Date "2010.01.31"]
[Round "1.3"]
[White "Candano Gonzalez, Alvaro"]
[Black "Kuenitz, Klaus"]
[Result "1-0"]
[WhiteElo "1540"]
[BlackElo "1755"]
[PlyCount "55"]
[EventDate "2010.01.31"]
[EventType "swiss"]
[EventRounds "5"]
[EventCountry "GGB"]
[SourceTitle "BritBase"]
[Source "www.saund.co.uk"]
[SourceDate "2018.02.10"]
[SourceVersion "1"]
[SourceVersionDate "2018.02.10"]
[SourceQuality "1"]

1. c4 f5 2. d4 g6 3. Nc3 Nf6 4. b3 Bg7 5. Bb2 O-O 6. e3 d6 7. Nf3 Qe8 8. Be2 e5
9. dxe5 dxe5 10. Nd5 Nxd5 11. Qxd5+ Kh8 12. Bxe5 Nc6 13. Bxg7+ Kxg7 14. Nd4 Nb4
15. Qc5 Na6 16. Qa3 c5 17. Nb5 f4 18. Qb2+ Kg8 19. O-O fxe3 20. fxe3 Qxe3+ 21.
Kh1 Bd7 22. Bf3 Bc6 23. Rae1 Qh6 24. Bxc6 bxc6 25. Nd6 Nb4 26. Qe5 g5 27. Nf5
Rxf5 28. Rxf5 1-0

[Event "Gibtelecom AmatWk2 8th"]
[Site "Gibraltar"]
[Date "2010.01.31"]
[Round "1.4"]
[White "Hannan, Peter"]
[Black "Carlsen, Ingrid Oen"]
[Result "1/2-1/2"]
[WhiteElo "1752"]
[BlackElo "1508"]
[PlyCount "43"]
[EventDate "2010.01.31"]
[EventType "swiss"]
[EventRounds "5"]
[EventCountry "GGB"]
[SourceTitle "BritBase"]
[Source "www.saund.co.uk"]
[SourceDate "2018.02.10"]
[SourceVersion "1"]
[SourceVersionDate "2018.02.10"]
[SourceQuality "1"]

1. e4 c5 2. Nf3 Nc6 3. c3 Nf6 4. e5 Nd5 5. Bc4 Nb6 6. Bb3 e6 7. d4 cxd4 8. cxd4
d6 9. O-O Be7 10. Nc3 O-O 11. Bf4 dxe5 12. dxe5 Nb4 13. Nd4 N4d5 14. Nxd5 Nxd5
15. Bxd5 Qxd5 16. Nf5 Bc5 17. Qxd5 exd5 18. Be3 Bxf5 19. Bxc5 Rfc8 20. Rac1 b6
21. Bd6 Rxc1 22. Rxc1 1/2-1/2

[Event "Gibtelecom AmatWk2 8th"]
[Site "Gibraltar"]
[Date "2010.01.31"]
[Round "1.5"]
[White "Huba, Mark"]
[Black "Homer, Neil S"]
[Result "1-0"]
[WhiteElo "1496"]
[BlackElo "1704"]
[PlyCount "61"]
[EventDate "2010.01.31"]
[EventType "swiss"]
[EventRounds "5"]
[EventCountry "GGB"]
[SourceTitle "BritBase"]
[Source "www.saund.co.uk"]
[SourceDate "2018.02.10"]
[SourceVersion "1"]
[SourceVersionDate "2018.02.10"]
[SourceQuality "1"]

1. Nf3 d5 2. d3 c5 3. g3 Nf6 4. Nbd2 Bf5 5. Bg2 Nc6 6. O-O h6 7. Nh4 Bh7 8. e4
dxe4 9. Nxe4 Nxe4 10. Bxe4 Bxe4 11. dxe4 e6 12. c3 Be7 13. Ng2 O-O 14. Qe2 Qc7
15. f4 f5 16. exf5 exf5 17. Qe6+ Kh8 18. Ne3 Rf6 19. Nd5 Rxe6 20. Nxc7 Rd6 21.
Nxa8 b6 22. Be3 Na5 23. Rad1 Re6 24. Bf2 Nc4 25. Nc7 Re2 26. Rfe1 Re4 27. Rxe4
fxe4 28. Nd5 Nxb2 29. Re1 Bf6 30. Nxf6 gxf6 31. Rxe4 1-0

[Event "Gibtelecom AmatWk2 8th"]
[Site "Gibraltar"]
[Date "2010.01.31"]
[Round "1.6"]
[White "Gallardo Ribot, Laura"]
[Black "Bath, Tom"]
[Result "1-0"]
[WhiteElo "1698"]
[BlackElo "1424"]
[PlyCount "90"]
[EventDate "2010.01.31"]
[EventType "swiss"]
[EventRounds "5"]
[EventCountry "GGB"]
[SourceTitle "BritBase"]
[Source "www.saund.co.uk"]
[SourceDate "2018.02.10"]
[SourceVersion "1"]
[SourceVersionDate "2018.02.10"]
[SourceQuality "1"]

1. e4 c5 2. Nc3 d6 3. f4 e6 4. Nf3 Nc6 5. Bc4 Nf6 6. a3 a6 7. d3 b5 8. Ba2 b4
9. axb4 cxb4 10. Ne2 Bb7 11. Be3 Be7 12. Qd2 Qc7 13. Ng3 O-O 14. f5 e5 15. h3
Rfc8 16. O-O Nd4 17. Nxd4 exd4 18. Bh6 Qxc2 19. Qg5 Bf8 20. Nh5 Nxh5 21. Qxh5
b3 22. Rfc1 Qxb2 23. Rcb1 Qxa1 24. Rxa1 bxa2 25. Qg5 Rc2 26. Bxg7 Bxg7 27. f6
Kf8 28. Qxg7+ Ke8 29. Qg8+ Kd7 30. Qxf7+ Kc6 31. Qd5+ Kc7 32. Qa5+ Kb8 33. Qb6
Rc6 34. Qxd4 Bc8 35. Qb2+ Kc7 36. Qxa2 Bd7 37. Qf7 Rd8 38. Qxh7 Kc8 39. Rf1 Rc7
40. f7 Bb5 41. Qf5+ Bd7 42. Qd5 Bc6 43. Qe6+ Bd7 44. Qxd6 Rc6 45. f8=Q Rxd6 1-0

[Event "Gibtelecom AmatWk2 8th"]
[Site "Gibraltar"]
[Date "2010.01.31"]
[Round "1.7"]
[White "Foran, Barry"]
[Black "Coats, Jon R"]
[Result "1/2-1/2"]
[WhiteElo "1416"]
[BlackElo "1696"]
[PlyCount "72"]
[EventDate "2010.01.31"]
[EventType "swiss"]
[EventRounds "5"]
[EventCountry "GGB"]
[SourceTitle "BritBase"]
[Source "www.saund.co.uk"]
[SourceDate "2018.02.10"]
[SourceVersion "1"]
[SourceVersionDate "2018.02.10"]
[SourceQuality "1"]

1. d4 Nf6 2. Nf3 e6 3. e3 b6 4. Bd3 Bb7 5. O-O Be7 6. Nbd2 O-O 7. e4 d6 8. Re1
Nbd7 9. c3 c5 10. Nf1 cxd4 11. cxd4 d5 12. e5 Ne4 13. Ng3 f5 14. Nd2 Rf7 15. f3
Nxg3 16. hxg3 Nf8 17. f4 h6 18. Nf3 Bc6 19. Bd2 Be8 20. Rc1 g6 21. Kf2 g5 22.
Rh1 g4 23. Nh4 h5 24. b3 Rc8 25. Rc2 Rxc2 26. Qxc2 Bxh4 27. Rxh4 Rh7 28. Ba6
Ng6 29. Rh1 h4 30. gxh4 Rxh4 31. Qc1 Qe7 32. g3 Rh3 33. Rxh3 gxh3 34. Qh1 Qh7
35. Bc8 {(=)} Nf8 36. Ba6 b5 1/2-1/2

[Event "Gibtelecom AmatWk2 8th"]
[Site "Gibraltar"]
[Date "2010.01.31"]
[Round "1.8"]
[White "McGladdery, David G"]
[Black "Cox, Marian"]
[Result "1/2-1/2"]
[WhiteElo "1664"]
[BlackElo "1384"]
[PlyCount "75"]
[EventDate "2010.01.31"]
[EventType "swiss"]
[EventRounds "5"]
[EventCountry "GGB"]
[SourceTitle "BritBase"]
[Source "www.saund.co.uk"]
[SourceDate "2018.02.10"]
[SourceVersion "1"]
[SourceVersionDate "2018.02.10"]
[SourceQuality "1"]

1. Nf3 Nf6 2. c4 d6 3. d4 e6 4. Nc3 Be7 5. e4 O-O 6. Bd3 b6 7. O-O c5 {(=)} 8.
d5 h6 9. b3 e5 10. Ne2 Bg4 11. Ng3 Nbd7 12. h3 Bh5 13. Bd2 Bg6 14. Qc1 Nh7 15.
Re1 Ndf6 16. Nh4 Bxe4 17. Bxe4 Nxe4 18. Rxe4 Bxh4 19. Nf5 Bg5 20. Bxg5 hxg5 21.
Rg4 Qf6 22. Ng3 Qg6 23. Re4 f5 24. Re1 Rae8 25. a4 a5 26. f3 Nf6 27. Qb1 e4 28.
fxe4 Nxe4 29. Nxe4 Rxe4 30. Rxe4 fxe4 31. Ra2 Re8 32. Re2 Re5 33. Re3 Kh7 34.
Qe1 Kh6 35. Qg3 Qh5 36. Qe1 Qg6 37. Qg3 Qh5 38. Qe1 1/2-1/2

[Event "Gibtelecom AmatWk2 8th"]
[Site "Gibraltar"]
[Date "2010.01.31"]
[Round "1.9"]
[White "Cox, Reginald"]
[Black "Garcia, Mario"]
[Result "0-1"]
[WhiteElo "1352"]
[BlackElo "1663"]
[PlyCount "66"]
[EventDate "2010.01.31"]
[EventType "swiss"]
[EventRounds "5"]
[EventCountry "GGB"]
[SourceTitle "BritBase"]
[Source "www.saund.co.uk"]
[SourceDate "2018.02.10"]
[SourceVersion "1"]
[SourceVersionDate "2018.02.10"]
[SourceQuality "1"]

1. e4 e5 2. Bc4 Nc6 3. Nc3 Nf6 4. d3 Na5 5. Bb3 Be7 6. Nf3 d6 7. h3 Nxb3 8.
axb3 Bd7 9. Be3 b6 10. O-O O-O 11. d4 Bc6 12. d5 Bd7 13. Ra2 Qc8 14. Kh2 c6 15.
Bg5 h6 16. Bxf6 Bxf6 17. Rg1 c5 18. Ne2 Be7 19. c4 f5 20. exf5 Bxf5 21. Ng3
Bxh3 22. gxh3 e4 23. Nxe4 Qf5 24. Ng3 Qxf3 25. Qxf3 Rxf3 26. Rg2 Bf6 27. Ne4
Be5+ 28. Ng3 Rxb3 29. f3 Rxf3 30. h4 a5 31. Ra1 Raf8 32. Rag1 R8f4 33. Kh3 Rxc4
0-1

[Event "Gibtelecom AmatWk2 8th"]
[Site "Gibraltar"]
[Date "2010.01.31"]
[Round "1.10"]
[White "Poggio, Freddie"]
[Black "Jacobsen, Caroline Beer"]
[Result "1-0"]
[WhiteElo "1640"]
[BlackElo "1300"]
[PlyCount "59"]
[EventDate "2010.01.31"]
[EventType "swiss"]
[EventRounds "5"]
[EventCountry "GGB"]
[SourceTitle "BritBase"]
[Source "www.saund.co.uk"]
[SourceDate "2018.02.10"]
[SourceVersion "1"]
[SourceVersionDate "2018.02.10"]
[SourceQuality "1"]

1. Nf3 d5 2. d4 Nc6 3. c4 Nf6 4. Nc3 Bf5 5. cxd5 Nxd5 6. a3 Nxc3 7. bxc3 e6 8.
e3 Bd6 9. Bd3 Bxd3 10. Qxd3 O-O 11. O-O Re8 12. e4 a6 13. Ng5 Be7 14. f4 Na5
15. Rb1 b5 16. Qh3 Bxg5 17. fxg5 Nc4 18. e5 Qe7 19. Rf4 Qxg5 20. Rf6 Nd2 21.
Rf2 Qg6 22. Rb2 Nc4 23. Rbe2 Qb1 24. Rf1 Qb3 25. Qf3 Rf8 26. Ref2 Nxa3 27. Bh6
gxh6 28. Qf6 Qd5 29. Rf3 Qxf3 30. Rxf3 {time} 1-0

[Event "Gibtelecom AmatWk2 8th"]
[Site "Gibraltar"]
[Date "2010.01.31"]
[Round "1.11"]
[White "Erdelyi, Adam"]
[Black "Walshaw, David"]
[Result "1-0"]
[WhiteElo "1000"]
[BlackElo "1640"]
[PlyCount "67"]
[EventDate "2010.01.31"]
[EventType "swiss"]
[EventRounds "5"]
[EventCountry "GGB"]
[SourceTitle "BritBase"]
[Source "www.saund.co.uk"]
[SourceDate "2018.02.10"]
[SourceVersion "1"]
[SourceVersionDate "2018.02.10"]
[SourceQuality "1"]

1. Nf3 Nf6 2. c4 g6 3. Nc3 d5 4. cxd5 Nxd5 5. Qc2 Bg7 6. e4 Nxc3 7. bxc3 c5 8.
Be2 O-O 9. O-O Nc6 10. d3 Be6 11. Be3 b6 12. Rad1 Rc8 13. Qb2 Qc7 14. Rc1 h6
15. d4 Na5 16. d5 Bd7 17. Qd2 Kh7 18. Ba6 Rce8 19. Bf4 Qd8 20. Ne5 Bxe5 21.
Bxe5 b5 22. c4 Nxc4 23. Rxc4 bxc4 24. Bxc4 Qb6 25. d6 Ba4 26. Re1 exd6 27. Bxd6
Rd8 28. e5 f6 29. exf6 Rxd6 30. Re7+ Rf7 31. Rxf7+ Kg8 32. Rb7+ Kf8 33. Qxh6+
Ke8 34. Qh8# 1-0